Grey's Anatomy Characters Season 1-16 - Statistics

General Stats
  • This quiz has been taken 1,940 times
  • The average score is 36 of 60
Answer Stats
Hint Answer % Correct
Main character Meredith Grey
99%
Moves to Switzerland Cristina Yang
97%
Cancer Survivor Izzie Stevens
95%
Killed after pushing someone out of way of a bus George O'Malley
93%
Main character's half sister, dies in plane crash Lexie Grey
92%
Chief of plastics, dies from complications of plane crash Mark Sloan
92%
Chief of Pac North Alex Karev
90%
Marries Cristina and Amelia before divorcing both, adoptive father of Leo Owen Hunt
90%
Loses leg from plane crash Arizona Robbins
89%
Gives birth while husband is undergoing brain surgery Miranda Bailey
89%
Chief of Neuro, former Chief of surgery, proposes in an elevator Derek Shepherd
85%
Died of complication from Alzheimers while her daughter was drowning Ellis Grey
85%
Renames the hospital Grey-Sloan Memorial Jackson Avery
83%
Marries a patient to give him insurance then falls in love with him Teddy Altman
83%
Has son who dies a few minutes after birth April Kepner
82%
Meredith's daughter born after Derek's death Ellis Grey-Shepherd
82%
Derek's youngest sister, has brain tumor removed Amelia Shepherd
81%
Cheats on husband with his best friend Addison Montgomery
80%
Dies of alzheimer's, husband cheats on her with Ellis Grey Adele Webber
78%
Cardio Surgeon that replaces Burke, love interest of Callie Torres Erica Hahn
78%
Meredith and Lexie Grey's father Thatcher Grey
78%
Gives birth to daughter several weeks premature Callie Torres
77%
Cheats on wife with love interest Richard Webber
76%
Richard and Ellis's grey secret love child Maggie Pierce
75%
Get's shot in the shoulder returning with a heart for transplant Preston Burke
72%
Owen's sister who disappeared in Iraq Megan Hunt
69%
Meredith's love interest who went to jail for her Andrew DeLuca
66%
Patient who gets his LVAD wire cut Denny Duquette
65%
Main character's adoptive daughter from Africa Zola Grey-Shepherd
65%
Miranda's second husband Benjamin Warren
60%
Discovers Amelia's brain tumor, love interest of Arizona Carina DeLuca
59%
Fostered than adopted by Amelia and Owen Leo Hunt
59%
Love interest of Nico Kim, nickname "glasses" Levi Schmitt
59%
Goes to Switzerland with Cristina Shane Ross
59%
Born in a hospital blackout to main character Bailey Grey-Shepherd
58%
Daughter born to Teddy and Owen Allison Hunt
57%
Trapped with little girl and rapist in hospital Stephanie Edwards
56%
Had cancer as a kid, grew up to become orthopedic surgeon, dating Amelia Atticus Lincoln
55%
Born several weeks premature due to car crash Sofia Torres
55%
Dies from gunshot womb to the chest because the elevators were disabled Charles Percy
51%
Love interest of Levi Schmitt, orthopedic surgeron Nico Kim
49%
Get's kicked out of residency program, then comes back Leah Murphy
48%
Meredith's love interest from New Zealand Nathan Riggs
48%
Dies from electrocution looking for Webber in the basement Heather Brooks
47%
Grew up in foster care Jo Karev
47%
Goes on shooting spree thorughout the hospital Gary Clark
44%
First person shot in the shooting, dies instantly Reed Adamson
43%
Mark Sloan's 18 year old daughter her never knew about Sloan Riley
38%
Patient dies from heart surgery, former husband to Teddy Henry Burton
35%
Removes Amelia's brain tumor, love interest of Teddy before she leaves him for Owen Thomas Koracick
35%
Biological mother of Leo, went to rehab Betty Nelson
30%
New chief of pediatrics at Grey-Sloan Cormac Hayes
25%
Daughter of Sam and Naomi, get's pregnant at 15 Maya Bennett
20%
Ex-wife of Sam, bestfriend of Addison Naomi Bennett
19%
Co-creater of Oceanside Wellness Group Sam Bennett
18%
Daugher of Maya Bennett Olivia Bennett
11%
Get's raped in her own office at St. Ambrose Hospital in LA Charlotte King
10%
Has baby cut out of her uterus by psychotic patient Violet Turner
10%
Pediatric doctor at Oceanside Wellness Group Cooper Freedman
8%
Takes son in after Violet gives him up Pete Wilder
8%
No matching quizzes found
Score Distribution
Percent of People with Each Score
Percentile by Number Answered
Your Score History
You have not taken this quiz